[Event "IX Festival A"]
[Site "Nichelino ITA"]
[Date "2008.10.04"]
[Round "3"]
[White "Sattanino, Andrea"]
[Black "Formento, Paolo"]
[Result "1-0"]
[WhiteElo "1853"]
[BlackElo "1794"]
[PlyCount "49"]
[EventDate "2008.10.02"]

1. d4 d5 2. c4 e6 3. Nc3 Nf6 4. Bg5 Be7 5. e3 O-O 6. Nf3 h6 7. Bh4 Re8 8. Bd3
c6 9. O-O Nbd7 10. Rc1 dxc4 11. Bxc4 Nb6 12. Bd3 Nfd5 13. Bg3 Bd6 14. Ne5 Bxe5
15. Bxe5 Nd7 16. Bg3 N7f6 17. e4 Nb4 18. Bb1 e5 19. Bxe5 c5 20. Bxf6 Qxf6 21.
dxc5 Re5 22. a3 Bh3 23. f4 Qg6 24. Qf3 Rd8 25. fxe5 1-0

[Event "IX Festival A"]
[Site "Nichelino ITA"]
[Date "2008.10.04"]
[Round "3"]
[White "Sorgi, Paolo"]
[Black "Davi, Alessandro"]
[Result "0-1"]
[WhiteElo "1942"]
[BlackElo "1999"]
[PlyCount "40"]
[EventDate "2008.10.02"]

1. Nf3 c6 2. d4 d5 3. c4 Nf6 4. g3 g6 5. Bg2 Bg7 6. O-O O-O 7. b3 dxc4 8. bxc4
c5 9. Bb2 cxd4 10. Bxd4 Nc6 11. Bc3 Qc7 12. Nbd2 Rd8 13. Qb3 Bf5 14. Rac1 Rac8
15. Rfe1 Bh6 16. e4 Nxe4 17. Rcd1 Nxc3 18. Qxc3 Rd3 19. Qb2 Bg7 20. Qc1 Rc3 0-1

[Event "IX Festival A"]
[Site "Nichelino ITA"]
[Date "2008.10.04"]
[Round "3"]
[White "Torrione, William"]
[Black "Zunino, Davide"]
[Result "1-0"]
[WhiteElo "1972"]
[BlackElo "1976"]
[PlyCount "135"]
[EventDate "2008.10.02"]

1. d4 Nf6 2. c4 e5 3. dxe5 Ng4 4. Nf3 Bc5 5. e3 Nc6 6. Nc3 O-O 7. Be2 Re8 8.
O-O Ngxe5 9. Nxe5 Nxe5 10. Ne4 Bf8 11. Ng3 d6 12. f4 Nd7 13. e4 Nc5 14. Bf3 Bd7
15. b4 Na4 16. Qc2 a5 17. a3 Qh4 18. Rd1 Rad8 19. bxa5 g6 20. Be3 Bg7 21. e5
Qe7 22. Bxb7 dxe5 23. Rac1 exf4 24. Bxf4 Qc5+ 25. Kh1 Qxa5 26. Bf3 Nc5 27. Qa2
Ne6 28. Bd2 Qa7 29. Bc3 Bxc3 30. Rxc3 Ba4 31. Rxd8 Rxd8 32. Ne4 Qd4 33. Rc1 Qe3
34. Qb2 f5 35. Nf6+ Kf7 36. Nd5 Qg5 37. Re1 Bd7 38. Qe5 Re8 39. Qc3 Bc6 40. h3
Qd8 41. Qb4 Qd7 42. Qc3 Qd8 43. Qc1 Ng5 44. Rxe8 Bxe8 45. Qf4 Nxf3 46. gxf3 c6
47. Qc7+ Qxc7 48. Nxc7 Ke7 49. Nxe8 Kxe8 50. Kg2 Kd7 51. Kf2 Kd6 52. Ke2 Kc5
53. Kd3 g5 54. a4 h5 55. a5 g4 56. fxg4 fxg4 57. hxg4 hxg4 58. Ke3 Kd6 59. Kf4
Kc7 60. Kxg4 Kb7 61. Kf5 Ka6 62. Ke5 Kxa5 63. Kd6 Kb6 64. c5+ Kb7 65. Kd7 Kb8
66. Kxc6 Kc8 67. Kd6 Kd8 68. c6 1-0

[Event "IX Festival A"]
[Site "Nichelino ITA"]
[Date "2008.10.04"]
[Round "3"]
[White "Vallejo Pons, Francisco"]
[Black "Gallucci, Alessio"]
[Result "1-0"]
[WhiteElo "2664"]
[BlackElo "2197"]
[PlyCount "55"]
[EventDate "2008.10.02"]

1. e4 c5 2. Nf3 d6 3. d4 cxd4 4. Nxd4 Nf6 5. Nc3 g6 6. g3 Bg7 7. Bg2 O-O 8. O-O
Bg4 9. Nde2 Qc8 10. f3 Bd7 11. g4 Bc6 12. Be3 Rd8 13. Qd2 Nbd7 14. g5 Ne8 15.
f4 e6 16. Nd4 Nb6 17. b3 d5 18. e5 Bf8 19. Nd1 Ng7 20. Nf2 Nf5 21. Ng4 Nd7 22.
Rad1 Be7 23. Qf2 Nxe3 24. Qxe3 Qc7 25. Qh3 Rac8 26. Nh6+ Kg7 27. Nxf7 Bb5 28.
Nd6 1-0

[Event "IX Festival A"]
[Site "Nichelino ITA"]
[Date "2008.10.04"]
[Round "4"]
[White "Angioni, Gian Carlo"]
[Black "Guarneri, Giuseppe"]
[Result "1-0"]
[WhiteElo "1853"]
[BlackElo "1907"]
[PlyCount "85"]
[EventDate "2008.10.02"]

1. Nf3 d6 2. c4 g6 3. Nc3 Bg7 4. g3 c6 5. Bg2 Qc7 6. d4 Nf6 7. O-O O-O 8. h3
Nbd7 9. e4 a6 10. a4 c5 11. d5 b6 12. Be3 Bb7 13. Qd2 Rfe8 14. Rad1 b5 15. axb5
axb5 16. Nxb5 Qb6 17. Qc2 Ra2 18. Ra1 Rea8 19. Rxa2 Rxa2 20. Qb1 Ra4 21. b3 Ra8
22. Nd2 Qa5 23. f4 Ne8 24. e5 Ba6 25. Qd3 Bxb5 26. cxb5 Nc7 27. e6 Nf8 28.
exf7+ Kh8 29. f5 Qxb5 30. Qe4 Qd7 31. fxg6 Nxg6 32. Nf3 Nb5 33. Ng5 Bf6 34. Ne6
Nc3 35. Qg4 Qb5 36. h4 Qb4 37. Qh5 Qxb3 38. Rxf6 Ne2+ 39. Kh2 Qxe3 40. Rxg6
Qg1+ 41. Kh3 Qe3 42. Rg8+ Rxg8 43. fxg8=Q+ 1-0

[Event "IX Festival A"]
[Site "Nichelino ITA"]
[Date "2008.10.04"]
[Round "4"]
[White "Cacinschi, Alexandru"]
[Black "Melone, Antonio"]
[Result "1-0"]
[WhiteElo "1939"]
[BlackElo "1848"]
[PlyCount "87"]
[EventDate "2008.10.02"]

1. c4 Nf6 2. Nf3 g6 3. g3 Bg7 4. Bg2 O-O 5. O-O d6 6. Nc3 Bg4 7. Qb3 Qc8 8. d3
c6 9. Re1 Nbd7 10. e4 e5 11. Be3 h6 12. Qc2 Ne8 13. Nh4 Qd8 14. b4 Kh7 15. b5
c5 16. Nd5 Nc7 17. Nc3 Rg8 18. a4 Bf8 19. h3 Be6 20. a5 f5 21. f4 Be7 22. Nf3
exf4 23. Bxf4 g5 24. Bc1 f4 25. e5 Bf5 26. g4 Bg6 27. Qe2 dxe5 28. Bb2 Bf6 29.
Nd2 Rb8 30. Nce4 Bg7 31. Nd6 b6 32. Be4 Qf6 33. Bxg6+ Qxg6 34. Nf5 Bf6 35. axb6
axb6 36. Ra7 Bd8 37. Qe4 Nf6 38. Qxe5 Re8 39. Rxc7+ Bxc7 40. Qxc7+ Kh8 41.
Rxe8+ Rxe8 42. Ne4 Re6 43. Qc8+ Re8 44. Bxf6+ 1-0

[Event "IX Festival A"]
[Site "Nichelino ITA"]
[Date "2008.10.04"]
[Round "4"]
[White "D'Amato, Piergiorgio"]
[Black "Barcellona, Antonino"]
[Result "1-0"]
[WhiteElo "1925"]
[BlackElo "1498"]
[PlyCount "61"]
[EventDate "2008.10.02"]

1. e4 e5 2. Nf3 Nc6 3. d4 exd4 4. Nxd4 Qf6 5. Nxc6 Qxc6 6. Bd3 g6 7. Nc3 Bg7 8.
Bd2 a6 9. O-O Ne7 10. Rb1 O-O 11. Qf3 b5 12. Nd5 Qd6 13. Qe3 Nxd5 14. exd5 Re8
15. Qxe8+ Bf8 16. Qe3 Bb7 17. Bc3 Bxd5 18. Qe5 Qxe5 19. Bxe5 d6 20. Bf6 Bxa2
21. Ra1 Bd5 22. Rfe1 c5 23. Be4 Bxe4 24. Rxe4 d5 25. Re2 b4 26. Rae1 Ra7 27.
Re8 d4 28. Be7 Kg7 29. Bxf8+ Kf6 30. Bxc5 d3 31. Bxa7 1-0

[Event "IX Festival A"]
[Site "Nichelino ITA"]
[Date "2008.10.04"]
[Round "4"]
[White "Davi, Alessandro"]
[Black "Nardelli, Marco"]
[Result "1-0"]
[WhiteElo "1999"]
[BlackElo "2132"]
[PlyCount "70"]
[EventDate "2008.10.02"]

1. d4 Nf6 2. c4 c5 3. Nf3 cxd4 4. Nxd4 e6 5. g3 Nc6 6. Nc3 Bb4 7. Nxc6 bxc6 8.
Bd2 O-O 9. Bg2 a5 10. b3 d5 11. O-O Ba6 12. a3 Be7 13. Qc2 Rb8 14. Bf4 Bd6 15.
Bxd6 Qxd6 16. Rfd1 Qe5 17. Na4 Ne4 18. Bxe4 dxe4 19. e3 Rfd8 20. Rxd8+ Rxd8 21.
Rd1 Rxd1+ 22. Qxd1 h5 23. Qd8+ Kh7 24. Qd4 Qb8 25. Qxe4+ f5 26. Qd3 Qf8 27. e4
f4 28. e5+ g6 29. Qd7+ Kh6 30. Qxe6 Bc8 31. Qf6 Qxa3 32. Qh8+ Kg5 33. h4+ Kg4
34. Qxc8+ Kf3 35. Qxc6+ Kg4 1-0

[Event "IX Festival A"]
[Site "Nichelino ITA"]
[Date "2008.10.04"]
[Round "4"]
[White "Fassio, Francesco"]
[Black "Matta, Francesca"]
[Result "0-1"]
[WhiteElo "1702"]
[BlackElo "1931"]
[PlyCount "100"]
[EventDate "2008.10.02"]

1. c4 c5 2. Nc3 Nc6 3. g3 g6 4. Bg2 Bg7 5. Nf3 Nf6 6. O-O O-O 7. d3 d5 8. cxd5
Nxd5 9. Nxd5 Qxd5 10. a3 Rd8 11. Qc2 b6 12. Rb1 Bb7 13. Bd2 Nd4 14. Qd1 Rd7 15.
Bc3 Rad8 16. Bxd4 Bxd4 17. Qc2 Rc8 18. Rfc1 b5 19. b3 Rdc7 20. Nh4 Qe6 21. Bxb7
Rxb7 22. Nf3 Bg7 23. Ng5 Qf5 24. Ne4 Rbc7 25. Qd1 h5 26. h4 Bh6 27. f4 Bxf4 28.
gxf4 Qg4+ 29. Kh1 Qxh4+ 30. Kg2 Qg4+ 31. Kh1 Qxf4 32. Qe1 c4 33. bxc4 bxc4 34.
Nc3 cxd3 35. exd3 Qf3+ 36. Kg1 Qxd3 37. Ne2 Rxc1 38. Rxc1 Rxc1 39. Nxc1 Qxa3
40. Ne2 a5 41. Nc3 Qb4 42. Qe3 a4 43. Nd5 Qg4+ 44. Kh2 Qh4+ 45. Kg2 e6 46. Nb6
Qg4+ 47. Kf2 h4 48. Kf1 h3 49. Nxa4 Qg2+ 50. Ke1 h2 0-1

[Event "IX Festival A"]
[Site "Nichelino ITA"]
[Date "2008.10.04"]
[Round "4"]
[White "Fassio, Luca"]
[Black "Di Chiara, Mauro"]
[Result "1-0"]
[WhiteElo "2081"]
[BlackElo "1896"]
[PlyCount "87"]
[EventDate "2008.10.02"]

1. e4 d6 2. d4 Nf6 3. Bd3 e5 4. c3 Be7 5. Nf3 Nbd7 6. O-O O-O 7. Re1 c6 8. Nbd2
Qc7 9. a4 a5 10. Nc4 Re8 11. Bg5 h6 12. Bh4 Bf8 13. Qc2 Nh5 14. Rad1 Nf4 15.
Bf1 Nb6 16. Ne3 Be6 17. Rd2 g5 18. Bg3 Nh5 19. dxe5 Nxg3 20. exd6 Bxd6 21. hxg3
Bc5 22. Nd4 Rad8 23. Red1 Qe5 24. Be2 Bc8 25. Bf3 h5 26. Bxh5 Qxe4 27. Qxe4
Rxe4 28. Bf3 Re5 29. b3 Be6 30. c4 Bxd4 31. Rxd4 Rxd4 32. Rxd4 Kg7 33. g4 Nd7
34. Bd1 Nc5 35. Bc2 Kf6 36. Rd8 Na6 37. Ra8 Nb4 38. Bd1 Re4 39. Rxa5 Na2 40.
Ra7 Nc3 41. Bf3 Rd4 42. Rxb7 Ke5 43. a5 Bc8 44. Rxf7 1-0

[Event "IX Festival A"]
[Site "Nichelino ITA"]
[Date "2008.10.04"]
[Round "4"]
[White "Formento, Paolo"]
[Black "Medaglia, Enzo"]
[Result "1/2-1/2"]
[WhiteElo "1794"]
[BlackElo "1794"]
[PlyCount "65"]
[EventDate "2008.10.02"]

1. d4 f5 2. c4 Nf6 3. Nc3 e6 4. Nf3 Be7 5. Bg5 O-O 6. g3 Qe8 7. Bg2 d6 8. O-O
Nbd7 9. Qb3 Qf7 10. Bf4 h6 11. Rac1 c6 12. Qc2 Nh5 13. Be3 g5 14. Ne1 e5 15.
Nb5 Kh8 16. Nc7 Rb8 17. dxe5 dxe5 18. Bxa7 Bc5 19. Bxb8 Nxb8 20. Na8 f4 21. Nf3
Bf5 22. Qc3 Kh7 23. e3 Na6 24. Nxe5 Qe7 25. a3 Be6 26. Be4+ Bf5 27. Rfd1 Bd6
28. Bxf5+ Rxf5 29. Ng4 fxg3 30. hxg3 Nc5 31. Qc2 Ng7 32. Rd4 h5 33. Rcd1
1/2-1/2

[Event "IX Festival A"]
[Site "Nichelino ITA"]
[Date "2008.10.04"]
[Round "4"]
[White "Fortino, Fabrizio"]
[Black "Finocchiaro, Gianluca"]
[Result "1-0"]
[WhiteElo "2051"]
[BlackElo "2026"]
[PlyCount "86"]
[EventDate "2008.10.02"]

1. g4 e5 2. Bg2 d6 3. d3 Nc6 4. h3 Be7 5. c4 h5 6. e3 hxg4 7. hxg4 Rxh1 8. Bxh1
Be6 9. Nc3 Qd7 10. Bf3 Nf6 11. Nd5 Nxg4 12. Nxc7+ Qxc7 13. Bxg4 Qd7 14. Bxe6
Qxe6 15. Ne2 O-O-O 16. Nc3 Rh8 17. Qf3 Qg6 18. Ne4 Qg1+ 19. Kd2 Rh1 20. a3 f6
21. b3 Qe1+ 22. Kc2 Rh8 23. Bb2 Qa5 24. Rg1 d5 25. cxd5 Qxd5 26. Nd2 Qc5+ 27.
Nc4 g5 28. Qg4+ Kb8 29. d4 exd4 30. exd4 Qd5 31. Ne3 Qd6 32. Qg3 Qxg3 33. fxg3
Rh2+ 34. Rg2 Rxg2+ 35. Nxg2 Bd6 36. g4 Kc7 37. Ne3 Kd7 38. b4 b5 39. Kd3 a5 40.
d5 Ne5+ 41. Bxe5 Bxe5 42. bxa5 Bb2 43. a6 Bxa3 1-0

[Event "IX Festival A"]
[Site "Nichelino ITA"]
[Date "2008.10.04"]
[Round "4"]
[White "Gallucci, Alessio"]
[Black "Bitossi, Massimo"]
[Result "1/2-1/2"]
[WhiteElo "2197"]
[BlackElo "1951"]
[PlyCount "133"]
[EventDate "2008.10.02"]

1. e4 Nf6 2. e5 Nd5 3. d4 d6 4. Bd3 g6 5. Nf3 Bg7 6. O-O O-O 7. h3 dxe5 8. dxe5
Nb4 9. Be4 Qxd1 10. Rxd1 c6 11. c3 N4a6 12. Bg5 Re8 13. Bxe7 Bxe5 14. Nxe5 Rxe7
15. Rd8+ Kg7 16. Rxc8 Rxe5 17. Nd2 Re7 18. b4 Nc7 19. a4 Nba6 20. Rxa8 Nxa8 21.
Bf3 Nb6 22. b5 Nb8 23. Nb3 Nc4 24. g3 Ne5 25. Bg2 g5 26. Rd1 Rd7 27. Rxd7 Nexd7
28. Na5 cxb5 29. axb5 a6 30. Nxb7 axb5 31. Nd6 Kf6 32. Nxb5 Nc5 33. Kf1 Ke5 34.
Ke2 f5 35. Na3 Nbd7 36. Nc4+ Ke6 37. Ne3 Nf6 38. Nc2 Ke5 39. Nd4 g4 40. Nc6+
Kd6 41. Nd4 Ke5 42. Nc6+ Kd6 43. hxg4 fxg4 44. Nd4 Ke5 45. Nc6+ Kd6 46. Nd4 Ke5
47. Nc2 Nfd7 48. Ne3 Nf6 49. Nc4+ Kf5 50. Nd6+ Ke5 51. Nf7+ Ke6 52. Nd8+ Ke5
53. Nc6+ Kf5 54. Ke3 Nfd7 55. Nd4+ Ke5 56. Nc6+ Kf5 57. Nd4+ Ke5 58. f4+ gxf3
59. Nxf3+ Kf5 60. Bh3+ Kf6 61. Kd4 h6 62. Kd5 Ke7 63. Nd4 Na4 64. Nf5+ Kf6 65.
Nxh6 Nxc3+ 66. Kc4 Ne2 67. Bxd7 1/2-1/2

[Event "IX Festival A"]
[Site "Nichelino ITA"]
[Date "2008.10.04"]
[Round "4"]
[White "Giacchino, Claudio"]
[Black "Sorgi, Paolo"]
[Result "0-1"]
[WhiteElo "1582"]
[BlackElo "1942"]
[PlyCount "56"]
[EventDate "2008.10.02"]

1. e4 c5 2. Nf3 Nc6 3. d4 cxd4 4. Nxd4 Nf6 5. Nc3 e5 6. Nxc6 bxc6 7. Bc4 Bb4 8.
Bd2 Bxc3 9. Bxc3 Nxe4 10. Qf3 d5 11. O-O-O Nxc3 12. Qxc3 Qg5+ 13. Kb1 dxc4 14.
Qxc4 O-O 15. Qxc6 Bg4 16. Rd3 Rac8 17. Qa4 Bf5 18. Rc3 Rxc3 19. bxc3 Rb8+ 20.
Ka1 Qd2 21. Qa3 Qxc2 22. Qc1 Qxc1+ 23. Rxc1 Kf8 24. f3 Ke7 25. a3 a5 26. Ka2 a4
27. Rd1 Be6+ 28. Ka1 Rb3 0-1

[Event "IX Festival A"]
[Site "Nichelino ITA"]
[Date "2008.10.04"]
[Round "4"]
[White "Giacomasso, Enrico"]
[Black "Damia, Angelo"]
[Result "1-0"]
[WhiteElo "1996"]
[BlackElo "2221"]
[PlyCount "59"]
[EventDate "2008.10.02"]

1. e4 Nf6 2. e5 Nd5 3. d4 d6 4. c4 Nb6 5. f4 dxe5 6. fxe5 c5 7. d5 e6 8. Nc3 f6
9. Bd3 g6 10. Qe2 Bg7 11. Nf3 O-O 12. O-O fxe5 13. Bg5 Qe8 14. Nb5 Na6 15. d6
Bd7 16. Be7 Rf7 17. Nxe5 Rxf1+ 18. Rxf1 Bxb5 19. cxb5 Nb4 20. Nxg6 Bd4+ 21. Kh1
hxg6 22. Qxe6+ Kg7 23. Rf8 Nxd3 24. Qg8+ Kh6 25. Rxe8 Nf2+ 26. Kg1 Ng4+ 27. Kf1
Rxe8 28. Qxe8 Nd5 29. d7 Nf4 30. Qf8+ 1-0

[Event "IX Festival A"]
[Site "Nichelino ITA"]
[Date "2008.10.04"]
[Round "4"]
[White "Gussone, Claudio"]
[Black "Pettarini, Renato"]
[Result "1-0"]
[WhiteElo "1829"]
[BlackElo "1761"]
[PlyCount "107"]
[EventDate "2008.10.02"]

1. d4 Nf6 2. c4 e6 3. Nf3 b6 4. g3 Bb7 5. Bg2 c5 6. O-O cxd4 7. Nxd4 Bxg2 8.
Kxg2 Be7 9. Nc3 O-O 10. e4 Nc6 11. Nxc6 dxc6 12. Qe2 Qc7 13. e5 Nd7 14. f4 Rfd8
15. Be3 Bc5 16. Ne4 Bf8 17. Rad1 c5 18. Rd3 Rac8 19. Rfd1 Nb8 20. Nd6 Qc6+ 21.
Qf3 Qxf3+ 22. Kxf3 Rc7 23. g4 Rcd7 24. b4 Na6 25. bxc5 Nxc5 26. Bxc5 bxc5 27.
Ke4 g6 28. g5 Be7 29. Nxf7 Rxd3 30. Nh6+ Kf8 31. Rxd3 Rxd3 32. Kxd3 Bd8 33. Ng4
Kg7 34. Nf6 h5 35. Ne4 Bb6 36. Nd6 Kf8 37. Nc8 Ke8 38. Nxb6 axb6 39. Kc3 Kd7
40. Kb3 Kc7 41. Ka4 Kc6 42. h4 Kc7 43. Kb5 Kb7 44. a4 Kc7 45. a5 bxa5 46. Kxa5
Kc6 47. Ka6 Kc7 48. Kb5 Kb7 49. Kxc5 Kc7 50. Kb5 Kb7 51. c5 Kc7 52. c6 Kc8 53.
Kc4 Kc7 54. Kc5 1-0

[Event "IX Festival A"]
[Site "Nichelino ITA"]
[Date "2008.10.04"]
[Round "4"]
[White "Marguerettaz, Davy"]
[Black "Crepaldi, Manuele"]
[Result "1-0"]
[WhiteElo "2020"]
[BlackElo "1817"]
[PlyCount "65"]
[EventDate "2008.10.02"]

1. e4 c5 2. Nf3 d6 3. d3 g6 4. g3 Bg7 5. Bg2 Nc6 6. O-O Nf6 7. c3 Bg4 8. Nbd2
Qd7 9. Qc2 e5 10. Nc4 b5 11. Ne3 Bh3 12. Bxh3 Qxh3 13. Qb3 O-O 14. Qxb5 Ne7 15.
Qb3 Nh5 16. Nd5 Rfe8 17. Ng5 Qg4 18. h3 Qd7 19. Kg2 Kh8 20. Ne3 Ng8 21. Nd5 f5
22. a4 h6 23. Nf3 f4 24. Qb5 Qf7 25. g4 Nhf6 26. Qc6 Qe6 27. Nc7 Qc8 28. Qxd6
Rd8 29. Qxc5 Rxd3 30. Nxe5 Rxh3 31. Nxg6+ Kh7 32. Nf8+ Bxf8 33. Qf5+ 1-0

[Event "IX Festival A"]
[Site "Nichelino ITA"]
[Date "2008.10.04"]
[Round "4"]
[White "Martin, Tiziano"]
[Black "Topczewski, Damian"]
[Result "1/2-1/2"]
[WhiteElo "1973"]
[BlackElo "1506"]
[PlyCount "131"]
[EventDate "2008.10.02"]

1. e4 g6 2. f4 d6 3. Nf3 Bg7 4. Bc4 e6 5. Qe2 Ne7 6. Nc3 c6 7. d3 d5 8. Bb3 d4
9. Nd1 c5 10. O-O Nbc6 11. Nf2 Na5 12. Ba4+ Bd7 13. Bxd7+ Qxd7 14. Bd2 Nac6 15.
Ng4 f6 16. e5 f5 17. Nf6+ Bxf6 18. exf6 Nd5 19. Rae1 O-O 20. Qxe6+ Qxe6 21.
Rxe6 Rxf6 22. Rxf6 Nxf6 23. Re1 Re8 24. Rxe8+ Nxe8 25. c3 dxc3 26. bxc3 h6 27.
Be3 b6 28. Kf2 Kf7 29. d4 cxd4 30. cxd4 Ne7 31. Ne5+ Ke6 32. Ke2 Kd5 33. Kd3
Nd6 34. a4 b5 35. axb5 Nxb5 36. Bf2 g5 37. fxg5 hxg5 38. h4 gxh4 39. Bxh4 Nxd4
40. Bxe7 Kxe5 41. Bc5 Nc6 42. Bf2 Kd5 43. Ke3 Ne5 44. Bg3 a5 45. Be1 a4 46. Bc3
Nc4+ 47. Kf4 Ke6 48. g4 fxg4 49. Kxg4 a3 50. Kf4 Kd5 51. Bb4 a2 52. Bc3 Na3 53.
Ke3 Kc4 54. Bh8 Nc2+ 55. Ke4 Ne1 56. Bg7 Kb3 57. Bh8 Kc2 58. Bg7 Nd3 59. Ba1
Nb2 60. Ke3 Kb1 61. Kd2 Nc4+ 62. Kd1 Ne3+ 63. Kd2 Nc4+ 64. Kd1 Kxa1 65. Kc2
Na3+ 66. Kc1 1/2-1/2

[Event "IX Festival A"]
[Site "Nichelino ITA"]
[Date "2008.10.04"]
[Round "4"]
[White "Moncelli, Giorgio"]
[Black "Sattanino, Andrea"]
[Result "1-0"]
[WhiteElo "2110"]
[BlackElo "1853"]
[PlyCount "43"]
[EventDate "2008.10.02"]

1. e4 e5 2. Nf3 Nf6 3. Nxe5 d6 4. Nf3 Nxe4 5. d4 d5 6. Bd3 Nc6 7. O-O Be7 8. c4
Nb4 9. Be2 c6 10. Nc3 Bf5 11. cxd5 cxd5 12. Bb5+ Bd7 13. Bxd7+ Qxd7 14. Ne5 Qd6
15. Re1 Nxc3 16. bxc3 Nc6 17. a4 Nd8 18. Ba3 Qc7 19. Nxf7 Nxf7 20. Rxe7+ Qxe7
21. Bxe7 Kxe7 22. Qe2+ 1-0

[Event "IX Festival A"]
[Site "Nichelino ITA"]
[Date "2008.10.04"]
[Round "4"]
[White "Paoli, Mario"]
[Black "Marguati, Massimiano"]
[Result "0-1"]
[WhiteElo "1742"]
[BlackElo "2004"]
[PlyCount "68"]
[EventDate "2008.10.02"]

1. e4 e6 2. Nf3 d5 3. exd5 exd5 4. d4 Bg4 5. Be3 Nf6 6. Be2 Bd6 7. Qd3 c6 8.
Nbd2 Na6 9. c3 Qd7 10. O-O Bf5 11. Ne4 dxe4 12. Qd1 exf3 13. Bxf3 O-O 14. Re1
Bg4 15. a3 Qf5 16. Bxg4 Nxg4 17. h3 Nxe3 18. Rxe3 Qf4 19. g3 Qg5 20. Qf3 Nc7
21. c4 Rae8 22. Rb3 Rb8 23. Re1 Ne6 24. Rd3 Qf6 25. Qxf6 gxf6 26. b4 Rbe8 27.
c5 Nxc5 28. Rde3 Rxe3 29. Rxe3 Ne6 30. Re4 f5 31. Rh4 Be7 32. Rh5 Ng7 33. Rh6
Rd8 34. g4 Bg5 0-1

[Event "IX Festival A"]
[Site "Nichelino ITA"]
[Date "2008.10.04"]
[Round "4"]
[White "Pulito, Alberto"]
[Black "Vallejo Pons, Francisco"]
[Result "0-1"]
[WhiteElo "2254"]
[BlackElo "2664"]
[PlyCount "76"]
[EventDate "2008.10.02"]

1. e4 g6 2. d4 Bg7 3. Nc3 c6 4. Be3 Qb6 5. Rb1 d6 6. Nf3 Nf6 7. h3 O-O 8. Be2
Qc7 9. O-O Nbd7 10. Re1 a6 11. Bf1 b5 12. a3 Bb7 13. Bg5 h6 14. Bh4 e5 15. Bg3
Rfe8 16. Qd2 a5 17. b4 axb4 18. axb4 Qb6 19. d5 cxd5 20. exd5 e4 21. Nd4 Nh5
22. Ncxb5 Nxg3 23. fxg3 Bxd5 24. c4 Bb7 25. Kh1 Rad8 26. Nc2 Ne5 27. Ne3 Nd3
28. Bxd3 exd3 29. Rb3 Be4 30. Nc3 f5 31. Ncd5 Qd4 32. Nf4 Be5 33. Nxd3 Bxg3 34.
Rd1 Ra8 35. Nf1 Bh4 36. Qb2 Qxc4 37. Ne3 Qf7 38. Nf4 Bf6 0-1

[Event "IX Festival A"]
[Site "Nichelino ITA"]
[Date "2008.10.04"]
[Round "4"]
[White "Razzano, Lorenzo"]
[Black "D'Ingiullo, Roberto"]
[Result "1/2-1/2"]
[WhiteElo "1899"]
[BlackElo "2104"]
[PlyCount "52"]
[EventDate "2008.10.02"]

1. Nf3 Nf6 2. b3 d5 3. Bb2 Nbd7 4. g3 e6 5. Bg2 Bd6 6. c4 O-O 7. O-O Qe7 8. d4
c6 9. Nc3 dxc4 10. bxc4 e5 11. e3 Re8 12. Qc2 Bc7 13. Rad1 Qb4 14. Qb3 Qxb3 15.
axb3 exd4 16. exd4 Nb6 17. Rfe1 Bf5 18. Rxe8+ Rxe8 19. Rd2 a6 20. h3 Rd8 21.
Nh4 Be6 22. f4 Nh5 23. Ne4 f5 24. Nc5 Bc8 25. Rd3 Re8 26. Kf2 Nd7 1/2-1/2

[Event "IX Festival A"]
[Site "Nichelino ITA"]
[Date "2008.10.04"]
[Round "4"]
[White "Zunino, Davide"]
[Black "Ferrario, Enrico"]
[Result "1-0"]
[WhiteElo "1976"]
[BlackElo "1946"]
[PlyCount "71"]
[EventDate "2008.10.02"]

1. d4 Nf6 2. Nc3 g6 3. e4 d6 4. f4 Bg7 5. a3 c5 6. dxc5 dxc5 7. Qxd8+ Kxd8 8.
Be3 b6 9. O-O-O+ Bd7 10. Nf3 Ng4 11. Bg1 Bxc3 12. bxc3 Kc7 13. h3 Nh6 14. Bc4
Nc6 15. Be3 f6 16. f5 g5 17. h4 Ng4 18. Bg1 h6 19. Bd5 Rad8 20. Nh2 Nce5 21.
Nxg4 Nxg4 22. Rh3 Bc6 23. c4 Bxd5 24. exd5 Kd7 25. Re1 Ne5 26. Re4 Rdg8 27. Bh2
Nf7 28. Rhe3 Re8 29. h5 Rhg8 30. g4 Rg7 31. Kb2 Nd8 32. Kb3 Nb7 33. Ka4 Nd6 34.
Bxd6 Kxd6 35. Re6+ Kc7 36. Rxf6 1-0

[Event "IX Festival A"]
[Site "Nichelino ITA"]
[Date "2008.10.04"]
[Round "5"]
[White "Bitossi, Massimo"]
[Black "Pulito, Alberto"]
[Result "0-1"]
[WhiteElo "1951"]
[BlackElo "2254"]
[PlyCount "106"]
[EventDate "2008.10.02"]

1. d4 d5 2. Nc3 Bf5 3. e4 dxe4 4. f3 Nf6 5. fxe4 Bxe4 6. Nxe4 Nxe4 7. Bd3 Nf6
8. Nf3 e6 9. O-O Be7 10. Qe1 Nc6 11. c3 Qd5 12. b4 a6 13. a4 Qh5 14. Be2 Qg6
15. Qd1 Nd5 16. Bd3 Qg4 17. Qd2 O-O 18. Be2 Qg6 19. Bd3 Qh5 20. Be2 f6 21. Ne5
Qe8 22. Nf3 Bd6 23. Qc2 Kh8 24. Bd2 Bf4 25. Bxf4 Nxf4 26. Bc4 Qh5 27. Rae1 Rae8
28. Re4 g5 29. Rfe1 Nd8 30. Qa2 c6 31. b5 axb5 32. axb5 Qg4 33. Kh1 Qf5 34.
bxc6 bxc6 35. Qd2 Nd5 36. Bd3 Nf4 37. Bc2 Qd5 38. Bb1 Nf7 39. Qc2 Qf5 40. Qd2
Qg4 41. Ba2 Nd6 42. Bxe6 Rxe6 43. Rxe6 Nxe6 44. d5 cxd5 45. Qxd5 Nf4 46. Qd2
Nc4 47. Qc2 Qd7 48. Qe4 Rc8 49. h4 Qg4 50. Nd4 Qxh4+ 51. Kg1 Ne5 52. Qf5 Qxe1+
53. Kh2 Rf8 0-1

[Event "IX Festival A"]
[Site "Nichelino ITA"]
[Date "2008.10.04"]
[Round "5"]
[White "Crepaldi, Manuele"]
[Black "Zunino, Davide"]
[Result "0-1"]
[WhiteElo "1817"]
[BlackElo "1976"]
[PlyCount "64"]
[EventDate "2008.10.02"]

1. Nf3 Nc6 2. d4 d5 3. c4 e5 4. dxe5 d4 5. g3 Nge7 6. Bg2 Ng6 7. Qa4 Bd7 8. e6
fxe6 9. O-O Be7 10. Qd1 e5 11. e3 Bf5 12. exd4 exd4 13. Qb3 O-O 14. a3 a5 15.
Qxb7 Qd7 16. Ng5 Nge5 17. Bd5+ Kh8 18. Nf7+ Nxf7 19. Qxc6 Qxc6 20. Bxc6 Ra6 21.
Bd5 Ne5 22. Bf4 Bf6 23. Nd2 Rb6 24. b4 axb4 25. axb4 Rxb4 26. Ra8 Rxa8 27. Bxa8
Nxc4 28. Ne4 Be5 29. Bxe5 Nxe5 30. Re1 h6 31. f4 Ng4 32. Bd5 Ne3 0-1

[Event "IX Festival A"]
[Site "Nichelino ITA"]
[Date "2008.10.04"]
[Round "5"]
[White "D'Amato, Piergiorgio"]
[Black "Fortino, Fabrizio"]
[Result "1-0"]
[WhiteElo "1925"]
[BlackElo "2051"]
[PlyCount "85"]
[EventDate "2008.10.02"]

1. e4 c5 2. Nf3 Nc6 3. d4 cxd4 4. Nxd4 Nf6 5. Nc3 e5 6. Ndb5 d6 7. Bg5 a6 8.
Na3 b5 9. Nd5 Be7 10. Bxf6 Bxf6 11. c3 O-O 12. Nc2 Bg5 13. Nce3 Kh8 14. Bd3 g6
15. O-O f5 16. exf5 gxf5 17. a4 e4 18. Be2 Ne5 19. f4 exf3 20. Bxf3 Rb8 21.
axb5 axb5 22. Qd4 Bh6 23. Ra7 Bg7 24. Qf4 Ng6 25. Qb4 Bb7 26. Qa5 Qg5 27. Qc7
Rfc8 28. Qd7 Ne5 29. Qxd6 f4 30. Qe6 Re8 31. Rxb7 Rxe6 32. Rxb8+ Bf8 33. Rxf8+
Kg7 34. Rxf4 h5 35. Be4 Ng6 36. Rf7+ Kh8 37. Bxg6 Rxg6 38. R1f3 Rg7 39. R7f5
Qg6 40. Rg3 Qe8 41. Rgf3 Qg6 42. Nf6 Rf7 43. Rxh5+ 1-0

[Event "IX Festival A"]
[Site "Nichelino ITA"]
[Date "2008.10.04"]
[Round "5"]
[White "D'Ingiullo, Roberto"]
[Black "Davi, Alessandro"]
[Result "1-0"]
[WhiteElo "2104"]
[BlackElo "1999"]
[PlyCount "55"]
[EventDate "2008.10.02"]

1. e4 c6 2. Nc3 d5 3. Nf3 g6 4. exd5 cxd5 5. Ne5 a6 6. d4 Nf6 7. Be2 Bg7 8. O-O
O-O 9. Be3 Nc6 10. Bf3 Be6 11. Na4 Nxe5 12. dxe5 Nd7 13. Bxd5 Bxd5 14. Qxd5 b5
15. e6 Ne5 16. exf7+ Nxf7 17. Nb6 Qxd5 18. Nxd5 Bxb2 19. Nxe7+ Kg7 20. Rab1 Be5
21. f4 Bf6 22. Nd5 Rfe8 23. Nc7 Rxe3 24. Nxa8 Rc3 25. Kh1 Rxc2 26. Rbc1 Rxa2
27. Nc7 b4 28. Ne8+ 1-0

[Event "IX Festival A"]
[Site "Nichelino ITA"]
[Date "2008.10.04"]
[Round "5"]
[White "Damia, Angelo"]
[Black "Marguerettaz, Davy"]
[Result "1-0"]
[WhiteElo "2221"]
[BlackElo "2020"]
[PlyCount "31"]
[EventDate "2008.10.02"]

1. e4 c5 2. a3 g6 3. b4 Bg7 4. c3 cxb4 5. axb4 d5 6. exd5 Qxd5 7. Qf3 Qxf3 8.
Nxf3 Nc6 9. d4 e5 10. b5 exd4 11. bxc6 dxc3 12. Bb5 b6 13. Ra3 c2 14. Nbd2 Nh6
15. c7+ Kf8 16. Bc6 1-0